| 000 | 00396 a2200145 4500 | ||
|---|---|---|---|
| 999 |
_c41573 _d41573 |
||
| 003 | OSt | ||
| 005 | 20221003141008.0 | ||
| 008 | 221003b ||||| |||| 00| 0 eng d | ||
| 040 | _coclc | ||
| 082 |
_a616.975 _bFAO/F |
||
| 245 |
_aFood allergies: _bLeaving no one behind |
||
| 260 |
_bFAO, _c2021. |
||
| 300 | _a33 pages | ||
| 942 |
_2ddc _cBK _h616.925 _iFAO/F _k616.925 _mFAO/F |
||